000 00823nam a2200205Ii 4500
003 JO-AjNU
008 230605s9999||||xx |||||||||||||| ||und||
040 _aJO-AjNU
_bara
_erda
_cJO-AjNU
041 _aara
050 1 4 _aK3165.2009
100 3 _a المشهداني ، محمد,
_eauthor
_953129
245 0 0 _aالقانون الدستوري البحريني مع مقدمة في النظرية العامة للدستور
250 _aط1
264 3 1 _aمملكة البحرين : جامعة العلوم التطبيقية ، 2009
300 _a459ص
_bيشتمل على مراجع ببلوغرافية ص (431-444)
336 _atext
_btxt
_2rdacontent
337 _aunmediated
_bn
_2rdamedia
338 _avolume
_bnc
_2rdacarrier
650 4 _aالقانون الدستوري -- مملكة البحرين
_953130
999 _aA23577
_c27145
_d27145